000 00604nam a2200193Ii 4500
003 JO-AjNU
008 230605s9999||||xx |||||||||||||| ||und||
040 _aJO-AjNU
_bara
_erda
_cJO-AjNU
041 _aara
050 1 4 _aQE431 1982
100 3 _aالمالح ، احمد خالد,
_eauthor
_915788
245 0 0 _aبترولوجيا الصخور الرسوبية
264 3 1 _aدمشق:مطبعة النصر ، 1982
300 _a164ص
336 _atext
_btxt
_2rdacontent
337 _aunmediated
_bn
_2rdamedia
338 _avolume
_bnc
_2rdacarrier
650 4 _a الصخور الرسوبية
_915789
999 _aA4540
_c8108
_d8108